000 00641nam a22001937a 4500
005 20240216114619.0
010 _aENG-139331
020 _a9789395116381
_c995.00
035 _aEN-122863
037 _bDBAD/PUB
082 _a000
_29
245 _aUniversal's Guide to All India Bar Examination/
250 _a9
260 _aGurgaon
_bLexisNexis
_c2023
270 _a14th Floor, Building No.10, Tower-B, DLF Cyber city, Phase-II
_bGurgaon
_e122002
300 _a958p.
_c24cm(pbk)
500 _aConducted By the Bar Council of India All India Bar Examination Solved Papers 2011-2023
942 _2ddc
_cEN
_h000
_mGUI
_e9
999 _c200844
_d200844